00267nam a2200109Ia 4500008004100000100002400041245001700065260000900082300002900091440002400120650001300144180117s9999 xx 000 0 und d aby Sara Grace Fojos 4aThe Grab Bag c2017 a10-12 pages, 2017 May 21 aPhilippine Panorama aGRAB BAG